000 00598cam a2200205 4500
001 B2137
008 090401t1988 xxu||||| |||| 00| 0 eng d
035 _a(Sirsi) u48213
041 _aeng
050 _a711.5209415
110 _aSociety of Chartered Surveyors in the Republic of Ireland
_91971
245 _aInner city study phase II: Grand Canal Docks feasibility study
260 _aDublin
_bSociety of Chartered Surveyors in the Re
_c1988
300 _a22p. : ill. ; 30cm.
350 _a0
650 _aDUBLIN
650 _aINNER CITY REDEVELOPMENT
942 _n0
948 _c04/03/1997
999 _c92302
_d92302